01011nam a22002417a 4500999001700000005001700017010002700034020002600061035001300087035001300100037001300113082001500126245012100141260003100262270007900293300002400372500001900396700002200415700001600437942002900453952012800482952015900610 c76492d7649220191210121331.0 aENG-107568 B-731114 a9780415830591c695.00 aEN-91101 aB-731114 bDBAD/PUB a355.020954 aArmed conflicts in South Asia 2012 :cedited by D. Suba Chandran [and] P.R. Charibuneasy stasis and fragile peace / aNew DelhibRoutledgec2013 a912, Tolstoy House, 15-17 Tolstoy Marg, Connaught PlacebNew Delhie110001 axiv,236p.c22cm(Hb) aIncludes index aSuba Chandran, D. aChari, P.R. 2ddccENmARMh355.020954 001040718NFICaDBADbDBADd2013-06-06eDBAD/PUBg695.00l0o355.020954 ARMpEN-91101r2013-06-06 00:00:00t1v695.00yEN 001040708NFICaLbLd2019-12-10eGift/ Eng./13.11.2019g695.00l1o355.020954 ARMpB-731114r2024-02-28 00:00:00s2024-02-22t1v695.00w2019-12-10yEN